Corrosion engineering (Record no. 3984)

000 -LEADER
fixed length control field 00731nam a2200229 i 4500
001 - CONTROL NUMBER
control field 3984
003 - CONTROL NUMBER IDENTIFIER
control field BD-DhUET
008 - FIXED-LENGTH DATA ELEMENTS--GENERAL INFORMATION
fixed length control field 770810s1978 nyua b 001 0 eng
020 ## - INTERNATIONAL STANDARD BOOK NUMBER
International Standard Book Number
040 ## - CATALOGING SOURCE
Original cataloging agency DLC
Transcribing agency DLC
Modifying agency BD-DhUET
082 00 - DEWEY DECIMAL CLASSIFICATION NUMBER
Classification number 620.1122
Item number FON/1967
100 ## - MAIN ENTRY--PERSONAL NAME
Personal name Fontana, Mars G.
245 10 - TITLE STATEMENT
Title Corrosion engineering
250 ## - EDITION STATEMENT
Edition statement 2nd ed.
260 ## - PUBLICATION, DISTRIBUTION, ETC. (IMPRINT)
Place of publication, distribution, etc. New York
Name of publisher, distributor, etc. McGraw-Hill
Date of publication, distribution, etc. 1978
300 ## - PHYSICAL DESCRIPTION
Extent xiii, 465 p.
Other physical details ill.
Dimensions 24 cm.
490 0# - SERIES STATEMENT
Series statement Materials science and engineering series
504 ## - BIBLIOGRAPHY, ETC. NOTE
Bibliography, etc Includes bibliographies
650 #0 - SUBJECT ADDED ENTRY--TOPICAL TERM
Topical term or geographic name as entry element Corrosion - Engineering
700 ## - ADDED ENTRY--PERSONAL NAME
Personal name Greene, Norbert D.
942 ## - ADDED ENTRY ELEMENTS (KOHA)
Koha item type General Book
Holdings
Copy number Koha date last borrowed Koha issues (times borrowed) Damaged status Shelving location Koha date last seen Source of classification or shelving scheme Koha item type Price effective from Lost status Withdrawn status Not for loan Sublocation or collection (holding branch) Koha full call number Koha normalized classification for sorting Piece designation (barcode) Location (home branch) Date acquired
12022-09-132 Circulation section2022-11-21 General Book2014-11-10   Central Library, BUET620.1122/FON/1978620_112200000000000_FON_197871357Central Library, BUET2014-11-10
22022-07-253 Circulation section2022-10-01 General Book2014-11-12   Central Library, BUET620.1122/FON/1978620_000000000000000_1122FON19771356Central Library, BUET2014-11-12
32022-06-152 Circulation section2022-06-29 General Book2014-11-16   Central Library, BUET620.1122/FON/1978620_000000000000000_1122FON19746427Central Library, BUET2014-11-16
4   Circulation section2014-11-29 General Book2014-11-29   Central Library, BUET620.1122/FON/1978620_112200000000000_FON_197829712Central Library, BUET2014-11-29
5   Reading section2015-07-01 Reading Item2015-07-01   Central Library, BUET620.1122/FON/1967620_112200000000000_FON_196759780Central Library, BUET2015-07-01
ক-৫   Rental section2024-11-24 Rental Item2024-11-24   Central Library, BUET620.1122 FON/1967620_112200000000000_FON_196759783Central Library, BUET2024-11-24
ক-৬   Rental section2024-11-24 Rental Item2024-11-24   Central Library, BUET620.1122 FON/1967620_112200000000000_FON_196759784Central Library, BUET2024-11-24
ক-৭   Rental section2024-11-24 Rental Item2024-11-24   Central Library, BUET620.1122 FON/1967620_112200000000000_FON_196759785Central Library, BUET2024-11-24
ক-৮   Rental section2024-11-24 Rental Item2024-11-24   Central Library, BUET620.1122 FON/1967620_112200000000000_FON_196759786Central Library, BUET2024-11-24